Webster's new world dictionary of the american language / (Record no. 356106)
[ view plain ]
| 000 -LEADER | |
|---|---|
| fixed length control field | 00343nam a2200109Ia 4500 |
| 008 - FIXED-LENGTH DATA ELEMENTS--GENERAL INFORMATION | |
| fixed length control field | 180309s9999 xx 000 0 und d |
| 100 ## - MAIN ENTRY--PERSONAL NAME | |
| Personal name | Guralnik, David B. |
| 245 ## - TITLE STATEMENT | |
| Title | Webster's new world dictionary of the american language / |
| 260 ## - PUBLICATION, DISTRIBUTION, ETC. (IMPRINT) | |
| Place of publication, distribution, etc | Taiwan : |
| Name of publisher, distributor, etc | 1977 |
| Date of publication, distribution, etc | Mar Ling pub |
| 300 ## - PHYSICAL DESCRIPTION | |
| Extent | vi, 882 pages |
| 650 ## - SUBJECT ADDED ENTRY--TOPICAL TERM | |
| Topical term or geographic name as entry element | English language -- Dictionaries |
| Withdrawn status | Lost status | Damaged status | Home library | Current library | Shelving location | Date acquired | Source of acquisition | Total Checkouts | Full call number | Barcode | Date last seen | Price effective from | Koha item type |
|---|---|---|---|---|---|---|---|---|---|---|---|---|---|
| College Library | College Library | Reference Section | 03/13/2018 | PE 1625 .G978 1977 | c21339 | 05/15/2018 | 03/13/2018 | Books |